Citas y abreviaturas (Record no. 1653)

MARC details
000 -LEADER
campo de control de longitud fija 00367nam a2200121 4500
008 - DATOS DE LONGITUD FIJA--INFORMACIÓN GENERAL
campo de control de longitud fija 708 C238c
082 ## - NÚMERO DE LA CLASIFICACIÓN DECIMAL DEWEY
Número de clasificación 708
Número de ítem C238c
100 ## - ENTRADA PRINCIPAL--NOMBRE DE PERSONA
Nombre de persona Tiscornia, Ana
9 (RLIN) 6757
245 ## - MENCIÓN DEL TÍTULO
Título Citas y abreviaturas
260 ## - PUBLICACIÓN, DISTRIBUCIÓN, ETC.
Lugar de publicación, distribución, etc. San José, Costa Rica
Nombre del editor, distribuidor, etc. TEOR/éTica
Fecha de publicación, distribución, etc. 2000
300 ## - DESCRIPCIÓN FÍSICA
Extensión 8 p.
Otras características físicas ill (col)
Dimensiones 20 x 21,5 cm
650 ## - PUNTO DE ACCESO ADICIONAL DE MATERIA--TÉRMINO DE MATERIA
Subdivisión general arte contemporáneo
-- arte - exhibiciones
-- Uruguay
-- Tiscornia, Ana
9 (RLIN) 6758
Holdings
Estatus retirado Estado de pérdida Fuente del sistema de clasificación o colocación Estado de daño No para préstamo Biblioteca de origen Biblioteca actual Ubicación en estantería Fecha de adquisición Total de préstamos Signatura topográfica completa Código de barras Visto por última vez Precio de reemplazo Tipo de ítem Koha
    Clasificación Decimal Dewey     Biblioteca LadoV Biblioteca LadoV   01/11/2018   708 C238c 002331 01/11/2018 01/11/2018 Material 01
    Clasificación Decimal Dewey     Biblioteca LadoV Biblioteca LadoV   01/11/2018   708 C238c 002342 01/11/2018 01/11/2018 Material 01